Taking the initiative (Record no. 118441)

MARC details
000 -LEADER
fixed length control field 01118cam a2200241 4500
001 - CONTROL NUMBER
control field ABS68534
008 - FIXED-LENGTH DATA ELEMENTS--GENERAL INFORMATION
fixed length control field 041214n2004 000 0 eng u
035 ## - SYSTEM CONTROL NUMBER
System control number (Sirsi) u128293
100 ## - MAIN ENTRY--PERSONAL NAME
Personal name Ward, S.
245 ## - TITLE STATEMENT
Title Taking the initiative
260 ## - PUBLICATION, DISTRIBUTION, ETC.
Date of publication, distribution, etc. 2004
490 ## - SERIES STATEMENT
Series statement Law Society's Gazette
Volume/sequential designation (101/45) 25 November 2004, 22-23(2)
520 ## - SUMMARY, ETC.
Summary, etc. Describes the positive aspects of the Private Finance Inititaitve (PFI). Its proponents argue that the system has been unfairly criticised by some, as many of its early problems have been sorted out and the taxpayers now get better value for money. The PFI sector is now providing a dynamic market for work including many of the larger national law firms such as City based Trowers and Hamlin. Many stress that PFI is not a rigid system and is evolving all the time with examples like the recent innovation with NHS local improvement finance trusts.
590 ## - LOCAL NOTE (RLIN)
Local note ABS
590 ## - LOCAL NOTE (RLIN)
Local note ABS
650 ## - SUBJECT ADDED ENTRY--TOPICAL TERM
Topical term or geographic name entry element PFI
650 ## - SUBJECT ADDED ENTRY--TOPICAL TERM
Topical term or geographic name entry element PFI CONTRACTS
650 ## - SUBJECT ADDED ENTRY--TOPICAL TERM
Topical term or geographic name entry element LAW FIRMS
650 ## - SUBJECT ADDED ENTRY--TOPICAL TERM
Topical term or geographic name entry element TROWERS & HAMLIN
650 ## - SUBJECT ADDED ENTRY--TOPICAL TERM
Topical term or geographic name entry element PUBLIC SECTOR WORK
690 ## - LOCAL SUBJECT ADDED ENTRY--TOPICAL TERM (OCLC, RLIN)
Topical term or geographic name as entry element FINANCE-PFI
942 ## - ADDED ENTRY ELEMENTS (KOHA)
Suppress in OPAC 0
Holdings
Withdrawn status Lost status Source of classification or shelving scheme Damaged status Not for loan Home library Current library Shelving location Date acquired Total Checkouts Full call number Barcode Date last seen Copy number Price effective from Koha item type
    Dewey Decimal Classification     London London Journal article 14/12/2004   ABS68534 128293-1001 06/08/2019 1 06/08/2019 Journal article